| 000 | 00363nam a2200109Ia 4500 | ||
|---|---|---|---|
| 008 | 160909s9999 xx 000 0 und d | ||
| 100 | _aZimmerman, Mary-Jo. | ||
| 245 | _aExploring the Role of Bookkeeping in Business Success | ||
| 260 |
_bWalden University. _c2016 |
||
| 650 | _aENTREPRENEURSHIP | ||
| 856 | _uhttp://pqdtopen.proquest.com/doc/1801982454.html?FMT=ABS | ||
| 999 |
_c304409 _d304409 |
||